Formula 1: Most Points without a Win - Statistics

General Stats
  • This quiz has been taken 637 times
    219 since last reset
  • The average score is 10 of 20
Answer Stats
Points Driver Nationality Active years % Correct
606 Nico Hülkenberg Germany 2010, 2012-2020, 2022-
96%
196 Kevin Magnussen Denmark 2014-2020, 2022-2024
86%
315 Lance Stroll Canada 2017-
85%
308 Alexander Albon Thailand 2019-2020, 2022-
84%
202 Daniil Kvyat Russia 2014-2017, 2019-2020
78%
391 Romain Grosjean France 2009, 2012-2020
77%
718 Nick Heidfeld Germany 2000-2011
64%
272 Mika Salo Finland 1994-2000, 2002
54%
536 Martin Brundle United Kingdom 1984-1989, 1991-1996
49%
226 Alexander Wurz Austria 1997-2000, 2005, 2007
43%
349 Andrea de Cesaris Italy 1980-1994
40%
392 Chris Amon New Zealand 1963-1976
37%
384 Stefan Johansson Sweden 1980, 1983-1991
36%
361 Eddie Cheever United States 1978, 1980-1989
31%
189 Mark Blundell United Kingdom 1991, 1993-1995
31%
236 Jean Pierre Jarier France 1971, 1973-1983
24%
403 Derek Warwick United Kingdom 1981-1990, 1993
21%
250.5 Jean Behra France 1952-1959
18%
212 Luigi Villoresi Italy 1950-1956
13%
208.5 Harry Schell United States 1950-1960
8%
No matching quizzes found
Score Distribution
Percent of People with Each Score
Percentile by Number Answered
Your Score History
You have not taken this quiz since the last reset